| 000 | 00000nas 2200000za 4500 |
| 001 | 9.815731 |
| 003 | CaOODSP |
| 005 | 20250403105740 |
| 007 | cr ||||||||||| |
| 008 | 160418d19801983oncar p oss f000#b0fre|d |
| 022 | |y0822-2819 |
| 040 | |aCaOODSP|bfre |
| 041 | |aeng|afre |
| 043 | |an-cn--- |
| 086 | 1 |aCS85-X-206-PDF |
| 245 | 00|aManitoba juvenile delinquents |h[ressource électronique] / |cStatistics Canada, Canadian Centre for Justice Statistics, Juvenile Services Programme = Manotiba, jeunes délinquants / Statistique Canada, Centre canadien de la statistique juridique, Programme des services pour les jeunes. |
| 246 | 11|aManitoba, jeunes délinquants |
| 260 | |aOttawa : |bThe Programme = Le Programme, |c[1980?]-1984. |
| 310 | |aAnnuel |
| 362 | 0 |a[1980]-1983. |
| 500 | |aÉdition numérisée de l’imprimé [par Statistique Canada]. |
| 546 | |aTexte en anglais et en français. |
| 550 | |aPublié 1981-1983, par le Centre canadien de la statistique juridique. |
| 692 | 07|2gccst|aJeune contrevenant |
| 692 | 07|2gccst|aTribunal de la jeunesse |
| 710 | 2 |aCentre canadien de la statistique juridique.|bProgramme des services pour les jeunes. |
| 710 | 2 |aStatistique Canada. |
| 791 | |tManitoba juvenile delinquents |eeng|w(CaOODSP)9.815730 |